| 000 | 004150000a22001810004500 | ||
|---|---|---|---|
| 003 | MACL | ||
| 005 | 20151119134735.0 | ||
| 008 | 151119b xxu||||| |||| 00| 0 eng d | ||
| 040 |
_aMACL _cMACL |
||
| 041 | _aEnglish | ||
| 082 | _a725 | ||
| 100 |
_aGupta, Shobhna _917541 |
||
| 245 | _aMonuments of India | ||
| 260 |
_bHarA̜nand _c2003 |
||
| 350 | _a200 | ||
| 650 |
_aArchitecture _9259 |
||
| 942 |
_cBK _k725.94 _2ddc |
||
| 999 |
_c8392 _d8392 |
||